Reverse Dictionary #37 - Statistics

General Stats
  • This quiz has been taken 53 times
  • The average score is 17 of 25
Answer Stats
Definition First
Letter
Word % Correct
A time period of sixty minutes; one twenty-fourth of a day. H Hour
100%
Not imprisoned or enslaved. F Free
96%
Tobacco or other substances, in a thin roll wrapped with paper, intended to be smoked. C Cigarette
93%
(food, broadly) Any of various hard-shelled seeds or hard, dry fruits from various families of plants. N Nut
93%
The technology that allows for the transmission of sound or other signals by modulation of electromagnetic waves. R Radio
93%
A light source consisting of a wick embedded in a solid, flammable substance such as wax, tallow, or paraffin. C Candle
91%
A person professionally engaged in the design and construction of large-scale private and public works such as bridges, buildings, harbours, railways, roads, etc. E Engineer
91%
To fire (a weapon that releases a projectile). S Shoot
87%
One who lives through a life-threatening event. S Survivor
87%
A pavilion or portable lodge consisting of skins, canvas, or some strong cloth, stretched and sustained by poles, used for sheltering people from the weather. T Tent
87%
To identify the site or place of (something or someone). L Locate
82%
A foodstuff made by baking dough made from cereals. B Bread
78%
To calculate roughly, often from imperfect data. E Estimate
78%
To run quickly or for a short distance. D Dash
76%
(business) The exchange or buying and selling of commodities; especially the exchange of merchandise, on a large scale, between different places or communities; extended trade or traffic. C Commerce
71%
To put off until a later time; to defer. D Delay
67%
A specific commercial enterprise or establishment. B Business
64%
(law) A party bringing a suit in civil law against a defendant; accuser. P Plaintiff
64%
An area under the political control of another country and typically occupied by settlers from it, or by their descendants. C Colony
49%
A variety of items taken from a larger collection. S Selection
44%
To ascertain definitely; to figure out, find out, or conclude by analyzing, calculating, or investigating. D Determine
42%
Excessive activity, worry, bother, or talk about something. F Fuss
38%
Postal or other written communications. C Correspondence
29%
The lack of material benefits considered to be basic necessities in a society. D Deprivation
22%
To satisfy the wishes or whims of. I Indulge
22%
No matching quizzes found
Score Distribution
Percent of People with Each Score
Percentile by Number Answered
Your Score History
You have not taken this quiz